|
|
|
|
| LEADER |
00000cam a22000004a 4500 |
| 001 |
musev2_72209 |
| 003 |
MdBmJHUP |
| 005 |
20230905051433.0 |
| 006 |
m o d |
| 007 |
cr||||||||nn|n |
| 008 |
010129t20001944txu o 00 0 eng d |
| 020 |
|
|
|a 9781574410990
|
| 035 |
|
|
|a (OCoLC)45885580
|
| 040 |
|
|
|a MdBmJHUP
|c MdBmJHUP
|
| 245 |
0 |
0 |
|a From Hell to Breakfast /
|c edited by Mody C. Boatright [and] Donald Day.
|
| 264 |
|
1 |
|a Denton, Tex. :
|b University of North Texas Press,
|c 2000.
|
| 264 |
|
3 |
|a Baltimore, Md. :
|b Project MUSE,
|c 2019
|
| 264 |
|
4 |
|c ©2000.
|
| 300 |
|
|
|a 1 online resource:
|b illustrations.
|
| 336 |
|
|
|a text
|b txt
|2 rdacontent
|
| 337 |
|
|
|a computer
|b c
|2 rdamedia
|
| 338 |
|
|
|a online resource
|b cr
|2 rdacarrier
|
| 490 |
0 |
|
|a Publications of the Folklore Society, no. 19
|
| 505 |
0 |
|
|a Negro baptizings, by R.T. Lomax.--Adventures of a ballad hunter, by J.A. Lomax.--Carrie Dykes, midwife, by R.P. Tartt.--Big Sam and de golden chariot, by E. Parks.--Tale of the two companions, by J.F. Dobie.--Mexican Münchausen, by W.A. Whatley.--Some odd Mexican customs, by O.W. Nolen.--Legend of the Tengo Frío Bird, by H. Yelvington.--Leaves of mesquite grass, by D. Day.--Dancing makes fun, by A.L. Marriott.--Dancing makes rain, by A.L. Marriott.--Indian sign on the Spaniard's cattle, by H.W. Ward.--Ear.
|
| 506 |
0 |
|
|a Open Access
|f Unrestricted online access
|2 star
|
| 546 |
|
|
|a English.
|
| 588 |
|
|
|a Description based on print version record.
|
| 600 |
1 |
7 |
|a Bowie, Jim,
|d 1796?-1836
|2 fast
|0 (OCoLC)fst01800660
|
| 600 |
1 |
0 |
|a Bowie, Jim,
|d 1796?-1836.
|
| 650 |
|
7 |
|a Indian dance.
|2 fast
|0 (OCoLC)fst00969101
|
| 650 |
|
7 |
|a Frontier and pioneer life.
|2 fast
|0 (OCoLC)fst00935370
|
| 650 |
|
7 |
|a Folklore.
|2 fast
|0 (OCoLC)fst00930306
|
| 650 |
|
7 |
|a Cattle brands.
|2 fast
|0 (OCoLC)fst00849704
|
| 650 |
|
7 |
|a African Americans
|x Religion.
|2 fast
|0 (OCoLC)fst00799689
|
| 650 |
|
7 |
|a SOCIAL SCIENCE
|x Folklore & Mythology.
|2 bisacsh
|
| 650 |
|
0 |
|a African Americans
|x Religion.
|
| 650 |
|
0 |
|a Indian dance
|z North America.
|
| 650 |
|
0 |
|a Frontier and pioneer life
|z Texas.
|
| 650 |
|
0 |
|a Folklore
|z Texas.
|
| 650 |
|
0 |
|a Cattle brands
|z Texas.
|
| 651 |
|
7 |
|a Texas.
|2 fast
|0 (OCoLC)fst01210336
|
| 651 |
|
7 |
|a North America.
|2 fast
|0 (OCoLC)fst01242475
|
| 655 |
|
7 |
|a Electronic books.
|2 local
|
| 700 |
1 |
|
|a Day, Donald,
|d 1899-1991.
|
| 700 |
1 |
|
|a Boatright, Mody C.
|q (Mody Coggin),
|d 1896-1970.
|
| 710 |
2 |
|
|a Texas Folklore Society.
|
| 710 |
2 |
|
|a Project Muse.
|e distributor
|
| 830 |
|
0 |
|a Book collections on Project MUSE.
|
| 856 |
4 |
0 |
|z Texto completo
|u https://projectmuse.uam.elogim.com/book/72209/
|